000 00305nam a22001097a 4500
008 170124b xxu||||| |||| 00| 0 eng d
020 _a9780827349391
041 _aeng
080 _23RD
_a618.2
245 _aTHE NURSING PROCESS IN THE CARE OF ADULTS WITH OTHOPAEDIC CONDITIONS
_cMOURAD, L.A
942 _2udc
_cBK
999 _c3549
_d3549